Leyes fundamentales del trabajo (Registro nro. 3207)
[ vista simple ]
| 000 -LEADER | |
|---|---|
| fixed length control field | 01796 a2200277 4500 |
| 001 - CONTROL NUMBER | |
| control field | 40440 |
| 005 - DATE AND TIME OF LATEST TRANSACTION | |
| control field | 20260407155657.0 |
| 008 - FIXED-LENGTH DATA ELEMENTS--GENERAL INFORMATION | |
| fixed length control field | 260407a2014 arg spa d |
| 003 - CONTROL NUMBER IDENTIFIER | |
| control field | AR-UNSa-BCEJYS |
| 040 ## - CATALOGING SOURCE | |
| Original cataloging agency | AR-UNSa-BCEJYS |
| Language of cataloging | spa |
| Transcribing agency | AR-UNSa-BCEJYS |
| 080 ## - UNIVERSAL DECIMAL CLASSIFICATION NUMBER | |
| Universal Decimal Classification number | 349.2(094.5) |
| Common auxiliary subdivision | (Legislación del trabajo (Legislación laboral, contrato de trabajo,procedimiento laboral,riesgo laboral etc.)) |
| 020 ## - INTERNATIONAL STANDARD BOOK NUMBER | |
| International Standard Book Number | 978-987-03-2729-5 |
| 041 ## - LANGUAGE CODE | |
| Language code of text/sound track or separate title | spa |
| 100 1# - MAIN ENTRY--PERSONAL NAME | |
| Personal name | Fernández Madrid, Juan Carlos |
| 245 10 - TITLE STATEMENT | |
| Title | Leyes fundamentales del trabajo |
| Name of part/section of a work | sus reglamentos y anotaciones complemetarias |
| 250 ## - EDITION STATEMENT | |
| Edition statement | 13a. ed. |
| 264 #1 - PRODUCTION, PUBLICATION, DISTRIBUTION, MANUFACTURE, AND COPYRIGHT NOTICE | |
| Place of production, publication, distribution, manufacture | Buenos Aires : |
| Name of producer, publisher, distributor, manufacturer | La Ley |
| Date of production, publication, distribution, manufacture, or copyright notice | 2014 |
| 300 ## - PHYSICAL DESCRIPTION | |
| Extent | 413 p. |
| Dimensions | 24 cm. |
| 505 ## - FORMATTED CONTENTS NOTE | |
| Formatted contents note | 1. Ley de contrato de trabajo - 2. Pequeñas empresas - 3. Régimen de pasantías - 4. Ley Nacional de empleo - 5. Ley de riesgos de trabajo - 6. Asociaciones sindicales - 7. Convenciones colectivas de trabajo - 8. Huelga en los servicios esenciales - 9. Procedimiento para la negociación colectiva - 10. Conciliación obligatoria - 11. Reforma laboral - 12. Régimen laboral - 13. Sociedades laborales - 14. Jornada de trabajo |
| 590 ## - LOCAL NOTE (RLIN) | |
| Local note | niveau_biblio:m niveau_hierar:0 |
| 650 ## - SUBJECT ADDED ENTRY--TOPICAL TERM | |
| Topical term or geographic name entry element | Ley Nº 20.744<br/>Ley Nº 21.297<br/>Ley Nº 26.427<br/>Ley Nº 24.013<br/>Ley Nº 24.557<br/>Ley Nº 26.773<br/>Ley Nº 23.551<br/>Ley Nº 14.250<br/>Ley Nº 25.877<br/>Ley Nº 23.546<br/>Ley Nº 14.786<br/>Ley Nº 25.013<br/>Ley Nº 25.877<br/>Ley Nº 11.544 |
| 650 ## - SUBJECT ADDED ENTRY--TOPICAL TERM | |
| Topical term or geographic name entry element | ley nº 20 744 ley nº 21 297 ley nº 26 427 ley nº 24 013 ley nº 24 557 ley nº 26 773 ley nº 23 551 ley nº 14 250 ley nº 25 877 ley nº 23 546 ley nº 14 786 ley nº 25 013 ley nº 25 877 ley nº 11 544 |
| 700 1# - ADDED ENTRY--PERSONAL NAME | |
| Personal name | Caubet, Amanda Beatriz |
| 856 41 - ELECTRONIC LOCATION AND ACCESS | |
| Uniform Resource Identifier | <a href="https://biblioeco.unsa.edu.ar/pmb/images/libros/L125821.jpg">https://biblioeco.unsa.edu.ar/pmb/images/libros/L125821.jpg</a> |
| Link text | Imagen de portada |
| Electronic format type | image/jpeg |
| 942 ## - ADDED ENTRY ELEMENTS (KOHA) | |
| Koha item type | |
| Withdrawn status | Lost status | Damaged status | Not for loan | Home library | Current library | Shelving location | Date acquired | Total checkouts | Full call number | Barcode | Date last seen | Price effective from | Koha item type | Public note |
|---|---|---|---|---|---|---|---|---|---|---|---|---|---|---|
| Biblioteca Prof. Eusebio Cleto del Rey | Biblioteca Prof. Eusebio Cleto del Rey | 07/04/2026 | 349.2(094.5) F362l 13ed. | L125820 | 07/04/2026 | 07/04/2026 | Libro | |||||||
| Biblioteca Prof. Eusebio Cleto del Rey | Biblioteca Prof. Eusebio Cleto del Rey | 07/04/2026 | 349.2(094.5) F362l 13ed. | L125821 | 07/04/2026 | 07/04/2026 | Libro | CANTO MANCHADO - 1RAS HOJAS SUCIAS - PÁG. MANCHAS MUY LEVES - HOJAS DOBLADAS EN LA ESQUINA | ||||||
| Biblioteca Prof. Eusebio Cleto del Rey | Biblioteca Prof. Eusebio Cleto del Rey | 07/04/2026 | 349.2(094.5) F362l 13ed. | L125822 | 07/04/2026 | 07/04/2026 | Libro | CANTO UN POCO SUCIO | ||||||
| Biblioteca Prof. Eusebio Cleto del Rey | Biblioteca Prof. Eusebio Cleto del Rey | 07/04/2026 | 349.2(094.5) F362l 13ed. | L125823 | 07/04/2026 | 07/04/2026 | Libro | PÁG.29 MANCHADA - CANTO UN POCO MANCHADO | ||||||
| Biblioteca Prof. Eusebio Cleto del Rey | Biblioteca Prof. Eusebio Cleto del Rey | 07/04/2026 | 349.2(094.5) F362l 13ed. | L125824 | 07/04/2026 | 07/04/2026 | Libro | CANTO MANCHADO |